Černočerné srdce /
Šestý detektivní případ Cormorana Strikea poukazuje na temné stránky médií a sociálních sítí.
Uloženo v:
| Série: | Detektiv Cormoran Strike,
část 6 |
|---|---|
| Hlavní autor: | |
| Další autoři: | |
| Médium: | E-kniha |
| Jazyk: | Czech |
| Vydáno: |
Praha :
Kniha Zlin,
2024
|
| Vydání: | Vydání první |
| Témata: | |
| Příbuzné jednotky: | Z cyklu::
Detektiv Cormoran Strike |
| Tagy: |
Žádné tagy |
| LEADER | 02481nam a2200445 i 4500 | ||
|---|---|---|---|
| 001 | 312276 | ||
| 003 | CZ PrSKC | ||
| 005 | 20260601215720.0 | ||
| 007 | ta | ||
| 008 | 240202s2024 xr g 000 f cze d | ||
| 015 | |a cnb003587508 | ||
| 020 | |a 9788076625853 |q (vázáno) | ||
| 035 | |a (OCoLC)1429250720 | ||
| 040 | |a CBA001 |b cze |d ABG001 |e rda | ||
| 041 | 1 | |a cze |h eng | |
| 072 | 7 | |a 821.111-3 |x Anglická próza, anglicky psaná |2 Konspekt | |
| 080 | |a 821.111-31 |2 MRF | ||
| 080 | |a (0:82-312.4) |2 MRF | ||
| 100 | 1 | |a Galbraith, Robert, |d 1965- |7 jo2013771217 |4 aut | |
| 240 | 1 | 0 | |a Ink black heart. |l Česky |
| 245 | 1 | 0 | |a Černočerné srdce / |c Robert Galbraith ; z angličtiny přeložil David Petrů |
| 250 | |a Vydání první | ||
| 264 | 1 | |a Praha : |b Kniha Zlin, |c 2024 | |
| 300 | |a 1138 stran ; |c 21 cm | ||
| 336 | |a text |b txt |2 rdacontent | ||
| 337 | |a bez média |b n |2 rdamedia | ||
| 338 | |a svazek |b nc |2 rdacarrier | ||
| 520 | 2 | |a Šestý detektivní případ Cormorana Strikea poukazuje na temné stránky médií a sociálních sítí. |b Když do detektivní kanceláře vpadne rozrušená Edie Ledwellová, Robin Ellacottová neví, co si o nečekané návštěvě myslet. Spoluautorku animovaného seriálu Černočerné srdce prý neustále pronásleduje internetový uživatel s přezdívkou Anomie. Robin usoudí, že jí nemůže nijak pomoct, a vše pustí z hlavy. Za pár týdnů však přijde šok - mladou ženu totiž kdosi zavraždil na hřbitově Highgate, kde se celý seriál odehrává. Robin a Cormoran Strike se pouštějí do pátrání a brzy objeví zcela nové podoby zla. Nakladatelská anotace. | |
| 655 | 7 | |a anglické romány |7 fd131814 |2 czenas | |
| 655 | 7 | |a detektivní romány |7 fd132010 |2 czenas | |
| 655 | 9 | |a English fiction |2 eczenas | |
| 655 | 9 | |a detective novels |2 eczenas | |
| 700 | 1 | |a Petrů, David, |d 1979- |7 jn20001005466 |4 trl | |
| 787 | 0 | 8 | |i Z cyklu: |t Detektiv Cormoran Strike |g 6 |
| 900 | |a ABA001 |b 21 | ||
| 928 | 9 | |a Albatros Media - Kniha Zlin | |
| 044 | |a xr | ||
| 910 | |a RBIT002 | ||
| 998 | |d 396026 |a https://core.palmknihy.cz/api/books/396026/cover?s80spe |b https://core.palmknihy.cz/api/books/396026/cover/400?s80spe |c https://core.palmknihy.cz/api/books/396026/cover/50?s80spe |e 2029-02-05 |g 1152 |i 9788076625853 |j https://core.palmknihy.cz/api/books/396026/preview.epub |k https://core.palmknihy.cz/api/books/396026/preview.pdf |l |q 49 |r 1 |s https://www.palmknihy.cz/kniha/396026 |t ebook |y 2024 |z 0 |v Detektiv Cormoran Strike |w 6 | ||
| 999 | |d 312274 | ||